[Event "Uljanovsk-ch FL"]
[Site "Uljanovsk"]
[Date "2007.03.17"]
[Round "4"]
[White "Prikhodko, Anton"]
[Black "Gordeev, Evgeni"]
[Result "1-0"]
[WhiteElo "1983"]
[BlackElo "1882"]
[PlyCount "57"]
[EventDate "2007.03.15"]
[EventType "tourn"]
[EventRounds "13"]
[EventCountry "RUS"]
[SourceTitle "EXT 2022"]
[Source "ChessBase"]
[SourceDate "2021.10.06"]
[SourceVersion "1"]
[SourceVersionDate "2021.10.06"]
[SourceQuality "1"]

1. e4 e5 2. Nf3 Nc6 3. Bb5 a6 4. Ba4 Nf6 5. 0-0 Be7 6. d3 b5 7. Bb3 0-0 8. Nc3 d6 9. Be3 Bg4 10. Nd5 Na5 11. Nxe7+ Qxe7 12. Bg5 Nxb3 13. axb3 c5 14. Qe2 Qe6 15. Qe3 Rfc8 16. Nd2 h6 17. Bh4 Nd7 18. Bg3 f5 19. f4 Nf6 20. fxe5 dxe5 21. exf5 Bxf5 22. Qxe5 Bg4 23. h3 Re8 24. Rae1 Qb6 25. Qd6 Qa5 26. Ne4 Nxe4 27. Rxe4 Red8 28. Qg6 Bc8 29. Re7 1-0

[Event "Uljanovsk-ch sf"]
[Site "Uljanovsk"]
[Date "2007.02.16"]
[Round "7"]
[White "Gordeev, Evgeni"]
[Black "Parshakov, Vladimir"]
[Result "1-0"]
[WhiteElo "1882"]
[BlackElo "2110"]
[PlyCount "72"]
[EventDate "2007.02.10"]
[EventType "swiss"]
[EventRounds "9"]
[EventCountry "RUS"]
[SourceTitle "EXT 2019"]
[Source "ChessBase"]
[SourceDate "2018.10.10"]
[SourceVersion "1"]
[SourceVersionDate "2018.10.10"]
[SourceQuality "1"]

1. e4 e6 2. d4 d5 3. Nc3 Bb4 4. e5 c5 5. a3 Bxc3+ 6. bxc3 Nc6 7. Nf3 Nge7 8. Bd3 c4 9. Be2 0-0 10. Bg5 Qa5 11. Qd2 Ng6 12. 0-0 a6 13. h4 Re8 14. h5 Nf8 15. h6 g6 16. Nh4 Na7 17. Rfb1 Nb5 18. Rb4 Qc7 19. a4 Na7 20. Nf3 Nc6 21. Rbb1 Nd7 22. Nh2 Ne7 23. Ng4 Nf5 24. Nf6+ Nxf6 25. Bxf6 Ne7 26. a5 Nc6 27. Qg5 Nb8 28. g4 Nd7 29. f4 Rb8 30. f5 b6 31. Kf2 bxa5 32. Rh1 Nf8 33. Bh8 Qd8 34. Bf6 Qc7 35. Bh8 Qd8 36. Bf6 Qc7 1-0